Rosa Bologna FC 2023-24 - Statistics

Statistiche generali
  • Questo quiz è stato fatto 111 volte
  • Il punteggio medio è 20 su 29
Statistiche sulle risposte
Numero Ruolo Giocaotore Nazionalità % Corretto
9 ATT Joshua Zirkzee Paesi Bassi
94%
8 CEN Remo Freuler Svizzera
93%
7 ATT Riccardo Orsolini Italia
93%
28 POR Lukasz Skorupski Polonia
91%
3 DIF Stefan Posch Austria
87%
11 ATT Dan Ndoye Svizzera
86%
18 ATT Santiago Castro Argentina
85%
33 DIF Riccardo Calafiori Italia
84%
26 DIF Jhon Lucumí Colombia
82%
19 CEN Lewis Ferguson Scozia
82%
29 DIF Lorenzo De Silvestri Italia
78%
34 POR Federico Ravaglia Italia
76%
17 CEN Oussama El Azzouzi Marocco
75%
22 DIF Charalampos Lykogiannīs Grecia
74%
6 CEN Nikola Moro Croazia
72%
31 DIF Sam Beukema Paesi Bassi
71%
20 CEN Michel Aebischer Svizzera
69%
80 CEN Giovanni Fabbian Italia
66%
82 CEN Kacper Urbański Polonia
65%
21 ATT Jens Odgaard Danimarca
63%
56 CEN Alexis Saelemaekers Belgio
62%
10 ATT Jesper Karlsson Svezia
62%
15 DIF Victor Kristiansen Danimarca
56%
23 POR Nicola Bagnolini Italia
45%
5 DIF Adama Soumaoro Francia
44%
(14) (DIF) (Kevin Bonifazi) (Italia)
43%
16 DIF Tommaso Corazza Italia
42%
4 DIF Mihajlo Ilić Serbia
37%
(77) (ATT) (Sydney van Hooijdonk) (Paesi Bassi)
36%
Nessun quiz corrispondente trovato
Distribuzione punteggi
Percentuale di utenti per punteggio
Percentile per numero di risposta
I tuoi punteggi nel tempo
Non hai fatto questo quiz